000 00888nam0a2200289 4500
001 RU\NLR\BIBL_A\022708303
005 20260129095023.0
010 _9750
035 _a(NLR Aleph) 022708303
090 _a13537598
_c13537598
100 _a20260123d1956 m y0rusy50 ca
101 0 _atyv
102 _aRU
105 _aa z 000 y
181 0 _ai
_baxxe
182 0 _an
200 1 _aМээң ырым
_fСалчак Тамба
203 _aТекст
_bвизуальный
_cнепосредственный
210 _aКызыл
_cТываның ном үндүрер чери
_d1956
215 _a42, [1] с.
_cил.
_d17
541 1 _aМоя песня
_zrus
_eстихи
686 1 _aШ6(2=Ту)7 я44
700 1 _aТамба
_bС. О.
_f1918-1983
_gСалчак Одекеевич
_4070
852 _aNLR
_bОНЛ
_jТув./2-342
942 _cBOOK
980 _aNB